Sweet v Somner (Record no. 118494)

MARC details
000 -LEADER
fixed length control field 01174cam a2200253 4500
001 - CONTROL NUMBER
control field ABS68674
008 - FIXED-LENGTH DATA ELEMENTS--GENERAL INFORMATION
fixed length control field 050127n2004 000 0 eng u
035 ## - SYSTEM CONTROL NUMBER
System control number (Sirsi) u128644
100 ## - MAIN ENTRY--PERSONAL NAME
Personal name Sydenham, A.
245 ## - TITLE STATEMENT
Title Sweet v Somner
260 ## - PUBLICATION, DISTRIBUTION, ETC.
Date of publication, distribution, etc. 2004
490 ## - SERIES STATEMENT
Series statement Farm Tax Brief
Volume/sequential designation 19(10) December 2004/January 2005, 7-8(2)
520 ## - SUMMARY, ETC.
Summary, etc. Discusses a case involving an easement of necessity, one of the exceptions to the rule that grants of easement are construed against the grantor. An easement of necessity means an easement which is needed to access the property rather than one for the reasonable enjoyment of the property. The claimants argued that a way of necessity had been created by the transfer of part of a block of land in 1988, making the retained property landlocked. The case also debated whether the easement should be for foot access only or should allow vehicular access too.
590 ## - LOCAL NOTE (RLIN)
Local note ABS
590 ## - LOCAL NOTE (RLIN)
Local note ABS
650 ## - SUBJECT ADDED ENTRY--TOPICAL TERM
Topical term or geographic name entry element EASEMENTS
650 ## - SUBJECT ADDED ENTRY--TOPICAL TERM
Topical term or geographic name entry element EASEMENT OF NECESSITY
650 ## - SUBJECT ADDED ENTRY--TOPICAL TERM
Topical term or geographic name entry element ACCESS
650 ## - SUBJECT ADDED ENTRY--TOPICAL TERM
Topical term or geographic name entry element BARRY V HASSELDINE
650 ## - SUBJECT ADDED ENTRY--TOPICAL TERM
Topical term or geographic name entry element MANJANG V DRAMMEH
650 ## - SUBJECT ADDED ENTRY--TOPICAL TERM
Topical term or geographic name entry element SWEET V SOMNER
690 ## - LOCAL SUBJECT ADDED ENTRY--TOPICAL TERM (OCLC, RLIN)
Topical term or geographic name as entry element PROPERTY AND LAND LAW
942 ## - ADDED ENTRY ELEMENTS (KOHA)
Suppress in OPAC 0
Holdings
Withdrawn status Lost status Source of classification or shelving scheme Damaged status Not for loan Home library Current library Shelving location Date acquired Total Checkouts Full call number Barcode Date last seen Copy number Price effective from Koha item type
    Dewey Decimal Classification     London London Journal article 27/01/2005   ABS68674 128644-1001 06/08/2019 1 06/08/2019 Journal article